Overthinking kẻ nghĩ nhiều
Nội dung sách gồm các phần về những lời khen, giới thiệu, tôi nghĩ rằng mình có thể, lựa chọn là của bạn, vặn nhỏ âm thanh xuống, mượn những bài hát hay nhất, chiến thắng trong tuần, đừng đấu tranh, hãy lật ngược nó lại, tìm cách đi...
সংরক্ষণ করুন:
| প্রধান লেখক: | |
|---|---|
| অন্যান্য লেখক: | |
| বিন্যাস: | গ্রন্থ |
| ভাষা: | Vietnamese |
| প্রকাশিত: |
H.
Công thương
2023
|
| বিষয়গুলি: | |
| ট্যাগগুলো: |
ট্যাগ যুক্ত করুন
কোনো ট্যাগ নেই, প্রথমজন হিসাবে ট্যাগ করুন!
|
| Thư viện lưu trữ: | Thư viện Trường Đại học Nam Cần Thơ |
|---|
| LEADER | 01358nam a22002057a 4500 | ||
|---|---|---|---|
| 001 | NCT_4_010300 | ||
| 008 | 240618b xxu||||| |||| 00| 0 vie d | ||
| 999 | |c 8460 |d 8460 | ||
| 020 | |a 9786044810171 |c 179000 | ||
| 082 | 0 | 4 | |2 23rd ed. |a 158.1 |b A961 |
| 100 | 1 | |a Acuff, Jon | |
| 245 | 1 | 0 | |a Overthinking kẻ nghĩ nhiều |c Jon Acuff; Đồng Linh (dịch) |
| 260 | |a H. |b Công thương |c 2023 | ||
| 300 | |a 351 tr. |c 19cm |e minh họa | ||
| 520 | 3 | |a Nội dung sách gồm các phần về những lời khen, giới thiệu, tôi nghĩ rằng mình có thể, lựa chọn là của bạn, vặn nhỏ âm thanh xuống, mượn những bài hát hay nhất, chiến thắng trong tuần, đừng đấu tranh, hãy lật ngược nó lại, tìm cách đi tới suy nghĩ tích cực, để bài Quốc ca mới ở chế độ tự động phát lại, thu thập bằng chứng, tạo ra bài hát ngắn với một biểu tượng và kết luận. | |
| 653 | |a Tham khảo | ||
| 700 | 0 | |a Đồng Linh |e Dịch | |
| 942 | |2 ddc |c BK | ||
| 952 | |0 0 |1 0 |2 ddc |4 0 |6 158_100000000000000_A961 |7 0 |9 29144 |a 000001 |b 000001 |d 2024-06-18 |o 158.1 A961 |p TK.04322 |r 2024-06-18 |v 179000.00 |w 2024-06-18 |y BK | ||
| 980 | |a Thư viện Trường Đại học Nam Cần Thơ | ||


